DK6 S6 Gminy przez które przebiega droga krajowa 6 i S6 - Statystyki

Ogólne statystyki
  • Ten quiz został rozwiązany 6 razy
    3 od ostatniego zresetowania
  • Średni wynik to 16 z 31
Statystyki odpowiedzi
Powiat Gmina % Poprawnych
Gdańsk Gdańsk
100%
Gdynia Gdynia
100%
Koszalin Koszalin
100%
Słupsk Słupsk
100%
Słupski Damnica
67%
Goleniowski Goleniów
67%
Kołobrzeski Kołobrzeg
67%
Lęborski Lębork
67%
Goleniowski Nowogard
67%
Goleniowski Osina
67%
Gryficki Płoty
67%
Słupski Potęgowo
67%
Gdański Pruszcz Gdański
67%
Koszaliński Sianów
67%
Sławieński Sławno
67%
Kołobrzeski Ustronie Morskie
67%
Kartuski Żukowo
67%
Koszaliński Będzino
33%
Koszaliński Biesiekierz
33%
Kołobrzeski Dygowo
33%
Słupski Kobylnica
33%
Gdański Kolbudy
33%
Wejherowski Łęczyce
33%
Sławieński Malechowo
33%
Lęborski Nowa Wieś Lęborska
33%
Słupski Redzikowo
33%
Kołobrzeski Siemyśl
33%
Wejherowski Szemud
33%
Gryficki Brojce
0%
Wejherowski Luzino
0%
Kołobrzeski Rymań
0%
Nie znaleziono quizów pasujących do podanych kryteriów
Rozkład punktacji
Procent ludzi z każdym wynikiem
Percentyl według liczby udzielonych odpowiedzi
Twoja historia wyników
Nie rozwiązałeś tego quizu od ostatniego zresetowania